NFL Teams that have NOT won the Super Bowl - Sudden Death - Statistics

General Stats
  • This quiz has been taken 302 times
  • The average score is 9 of 12
Answers on the Grid
Answers color-coded by a green-red scale on the quiz's grid according to % correct below.
Arizona Cardinals
Atlanta Falcons
Baltimore Ravens
Buffalo Bills
Carolina Panthers
Chicago Bears
Cincinnati Bengals
Cleveland Browns
Dallas Cowboys
Denver Broncos
Detroit Lions
Green Bay Packers
Houston Texans
Indianapolis Colts
Jacksonville Jaguars
Kansas City Chiefs
Las Vegas Raiders
Los Angeles Chargers
Los Angeles Rams
Miami Dolphins
Minnesota Vikings
New England Patriots
New Orleans Saints
New York Giants
New York Jets
Philadelphia Eagles
Pittsburgh Steelers
San Francisco 49ers
Seattle Seahawks
Tampa Bay Buccaneers
Tennessee Titans
Washington Commanders
 
Answer Stats
Answer % Correct
Cleveland Browns
80%
Buffalo Bills
79%
Arizona Cardinals
78%
Cincinnati Bengals
74%
Atlanta Falcons
73%
Carolina Panthers
73%
Detroit Lions
73%
Jacksonville Jaguars
71%
Houston Texans
70%
Tennessee Titans
66%
Los Angeles Chargers
63%
Minnesota Vikings
60%
No matching quizzes found
Score Distribution
Percent of People with Each Score
Percentile by Number Answered
Your Score History
You have not taken this quiz